| 000 | 00820nam a22002057a 4500 | ||
|---|---|---|---|
| 999 |
_c3625 _d3625 |
||
| 003 | AR-CdUCM | ||
| 008 | 190307b ||||| |||| 00| 0 spa d | ||
| 040 |
_aMUNICIPALIDAD PROVINCIAL DEL CUSCO _cBIBLIOTECA MUNICIPAL DEL CUSCO |
||
| 082 |
_22ed. _a343.607 / _bN94 |
||
| 100 |
_aNuñez Borja, Humberto _911827 |
||
| 245 | _aCiencia de la administración y derecho administrativo del Perú / | ||
| 260 |
_aArequipa : _bUNSA, _c1959. |
||
| 300 |
_a463 páginas ; _c25 cm. |
||
| 505 | _aContenido : Significado de la palabra administración -- Definición del derecho administrativo -- Fuentes del derecho administrativo -- Ley y los reglamentos -- Actos administrativos... | ||
| 650 |
_aAdministración. _94472 |
||
| 650 |
_aDerecho. _9739 |
||
| 650 |
_aLey y reglamentos. _911828 |
||
| 942 |
_2ddc _cLIBROS |
||
| 945 | _arcc | ||